000 00724nam a22002537a 4500
003 CHAP
005 20220329134139.0
008 971013s1969 r 00010 d
010 _a16131
011 _a17103
035 _a21186
040 _cCHAP
082 _a631
_bH63
100 0 0 _aHoffmann, Randall A.
_955806
245 _aAnálisis, planeación y control de la empresa agropecuaria
260 _a(s.l.) :
_b(s.e.),
_c1969
300 _aPag. varía
590 _aBATCH-UPD
_b10
_c20130110
_lUCH01
_h2036
590 _aCONVERSION
_b10
_c20130109
_lUCH01
_h1310
650 1 4 _aEmpresas agropecuarias.
_936649
901 _aBK
942 _cLIBRO
949 _a631 H63
_bBC
_cLIBRO
_d-49372
_eLIBRO
_fc.3
_h14113
_i21186
_mD
_si
999 _c16131
_d16131